Statistics for Top Institutions by Research Spending

Click here to take the quiz!

General Stats

  • This quiz has been taken 15 times
  • The average score is 90 of 171

Answer Stats

ExpenditureInstitution% Correct
$1,308,458Harvard
100%
$981,035California
93%
$989,166MIT
93%
$163,204Alabama
86%
$824,340Arizona
86%
$611,380Colorado
86%
$1,085,834Florida
86%
$275,483George Washington
86%
$545,631Georgia
86%
$1,228,550Maryland
86%
$152,903Mississippi
86%
$1,361,028North Carolina
86%
$160,500Oregon
86%
$229,162South Carolina
86%
$1,384,555Stanford
86%
$845,896Texas
86%
$1,559,708Washington
86%
$1,523,513Wisconsin
86%
$1,191,201Yale
86%
$725,402Boston University
79%
$310,780Brown
79%
$591,805Chicago
79%
$367,557Connecticut
79%
$751,309Indiana
79%
$594,215Iowa
79%
$405,267Kansas
79%
$476,517Kentucky
79%
$205,201Louisiana
79%
$1,770,708Michigan
79%
$1,791,311Penn
79%
$1,536,197UCLA
79%
$670,119Utah
79%
$662,658Virginia
79%
$184,080Arkansas
71%
$478,142CalTech
71%
$1,230,924Columbia
71%
$1,300,357Cornell
71%
$344,126Dartmouth
71%
$1,390,538Duke
71%
$1,231,485Georgia Tech
71%
$115,603Idaho
71%
$765,909Illinois
71%
$3,420,312Johns Hopkins
71%
$344,556LSU
71%
$171,931Maine
71%
$245,158Massachusetts
71%
$1,202,084Minnesota
71%
$432,310Missouri
71%
$125,603Montana
71%
$181,782Nevada
71%
$206,392New Hampshire
71%
$1,000,695Northwestern
71%
$1,363,388Ohio State
71%
$297,934Oregon State
71%
$461,185Princeton
71%
$324,435Tennessee
71%
$216,307Vermont
71%
$214,081West Virginia
71%
$368,107Delaware
64%
$759,229Michigan State
64%
$583,203NC State
64%
$340,260Nebraska
64%
$331,164New Mexico
64%
$1,276,038NYU
64%
$1,019,940Penn State
64%
$1,251,998Pittsburgh
64%
$754,627Purdue
64%
$1,152,666Texas A&M
64%
$1,039,905USC
64%
$202,516Alaska
57%
$797,224Arizona State
57%
$304,439Auburn
57%
$439,709Buffalo
57%
$467,389Case Western
57%
$263,158Clemson
57%
$958,281Emory
57%
$313,220Georgetown
57%
$393,184Iowa State
57%
$439,300Miami
57%
$231,607Northeastern
57%
$280,604Notre Dame
57%
$712,231Rutgers
57%
$157,407Syracuse
57%
$222,605Tulane
57%
$1,086,223Vanderbilt
57%
$591,861Virginia Tech
57%
$368,396Washington State
57%
$139,764Wyoming
57%
$221,488Central Florida
50%
$355,986Florida State
50%
$277,323Hawaii
50%
$303,418Mississippi State
50%
$147,717North Dakota
50%
$129,102Rhode Island
50%
$216,202Rice
50%
$450,805Rochester
50%
$405,166South Florida
50%
$226,729Texas Tech
50%
$321,644Thomas Jefferson
50%
$534,947UC Irvine
50%
$1,533,357UCSD
50%
$129,796Albany
43%
$449,707Carnegie Mellon
43%
$240,126Houston
43%
$212,974Kansas State
43%
$200,820Montana State
43%
$121,472New Mexico State
43%
$195,041Oklahoma State
43%
$123,856San Diego State
43%
$883,807UC Davis
43%
$278,897UC Santa Barbara
43%
$1,805,950UCSF
43%
$130,914Binghamton
36%
$102,378Brandeis
36%
$615,070Cincinnati
36%
$456,911Colorado State
36%
$151,903Drexel
36%
$229,582Louisville
36%
$167,135NJIT
36%
$312,698Stony Brook
36%
$301,395Temple
36%
$231,224Tufts
36%
$199,135UC Riverside
36%
$176,760UC Santa Cruz
36%
$440,573UIC
36%
$344,851Utah State
36%
$1,047,098Washington (St. Louis)
36%
$211,494Dayton
29%
$281,665FIU
29%
$230,068George Mason
29%
$215,908Georgia State
29%
$174,904North Dakota State
29%
$169,532UAH
29%
$269,109Wake Forest
29%
$318,314Albert Einstein
21%
$127,313Augusta
21%
$827,005BCM
21%
$118,034Cold Spring Harbor
21%
$611,358CU Anschutz
21%
$321,506MCW
21%
$1,182,536MD Anderson
21%
$893,968Mount Sinai
21%
$284,553MUSC
21%
$479,226OHSU
21%
$408,656Oklahoma Health Sciences
21%
$360,877Rockefeller
21%
$121,809RPI
21%
$114,874Rush
21%
$492,639Scripps
21%
$413,763SUNY Poly
21%
$110,102Texas State
21%
$713,480UAB
21%
$205,493UAMS
21%
$358,204UMass Chan
21%
$111,144UMass Lowell
21%
$110,319UMBC
21%
$277,240Uniformed Services
21%
$205,253UNMC
21%
$133,770UT Arlington
21%
$130,914UT Dallas
21%
$130,501UTEP
21%
$342,633UTHealth
21%
$238,510UT Health San Antonio
21%
$115,161UTHSC
21%
$204,518UTMB
21%
$147,629UTSA
21%
$719,002UT Southwestern
21%
$405,898Virginia Commonwealth
21%
$242,247Wayne State
21%
$261,519Wichita State
21%
$255,017Woods Hole
21%

Score Distribution

Percentile by Number Answered

Percent of People with Each Score

Your Score History

You have not taken this quiz